00580nam a2200169Ia 4500003000900000008004100009040001600050080002600066110003300092245013000125260005000255300000900305500002800314650002900342650001800371650002100389IN-BaIIA211028s9999 xx 000 0 eng d cIIA Library a083.7:69.024.155bISI aIndian Standards Institution 0aIndian standard code of practice for laying of asbestos cement sheetsbpt. 1, corrugated sheetscIndian Standards Institution aNew DelhibIndian Standards Institutionc1965 a26p. aIS 3007 : Part 1 : 1964 a Asbestos cement sheets a Standards  aNASA thesaurus